000
00256nam a2200097Ia 4500
001
680175
005
20250826161336.0
008
250824s9999 xx 000 0 und d
245
0
_a
MİNİ DENİZDE
_c
CHRİSTİNE NÖSTLİNGER
260
_b
GÜNIŞIĞI KİTAPLIĞI
999
_c
680175
_d
680175